| 000 | 00900nam a2200277 a 4500 | ||
|---|---|---|---|
| 001 | ASIN0060597267 | ||
| 005 | 20170105102925.0 | ||
| 008 | 131211s2004 xxu eng d | ||
| 020 |
_a0060597267 (paperback) _c$15.99 |
||
| 020 | _a9780060597269 (paperback) | ||
| 040 | _a0 | ||
| 050 | 0 | 4 | _aDS79.76 |
| 082 | 0 | 4 |
_a956.70443 _bMYL 2003 |
| 100 | 1 | _aMylroie, Laurie. | |
| 245 | 1 | 0 |
_aBush vs. the beltway : _bthe inside battle over war in iraq / _cLaurie Mylroie. |
| 260 |
_a[S.l.] : _bHarper Paperbacks, _c2004. |
||
| 300 |
_a272 p. ; _c23 cm. |
||
| 650 | 0 | _aBush, George W. (George Walker), 1946- | |
| 650 | 0 | _aIraq War (2003-2011) | |
| 650 | 0 | _aMilitary leadership | |
| 650 | 0 | _aMilitary policy--Decision making | |
| 650 | 0 | _aPolitical science | |
| 650 | 0 | _aUnited States | |
| 856 | 4 | 0 |
_3Amazon.com _uhttp://www.amazon.com/exec/obidos/ASIN/0060597267/chopaconline-20 |
| 942 |
_2ddc _cBK |
||
| 999 |
_c15767 _d15767 |
||